000 00708nam a2200253Ia 4500
003 OSt
005 20220918222247.0
006 a|||||r|||| 00| 0
007 ta
008 220917b |||||||| |||| 00| 0 eng d
024 _a216,279
037 _cTextual
040 _aARTS
_cARTS
_beng
041 _2eng
_aeng
082 _aQ4, N1
100 _aSwearer Donald K. Ed.
245 0 _aMe and mine
_b selected essays of Bhikkhu Buddhadasa
260 _aDelhi
_bSri Satguru Publications India
_c1991
300 _ax,235p.
_ccm.
490 _aBibliotheca Indo-Buddhica series; 83
650 _aRELIGION
942 _hQ4, N1
_cTEXL
_2CC
999 _c275023
_d275023